COMPANY LAW IN EAST AFRICA (Record no. 216443)

MARC details
000 -LEADER
fixed length control field 00410nam a22001577a 4500
008 - FIXED-LENGTH DATA ELEMENTS--GENERAL INFORMATION
fixed length control field 260109b |||||||| |||| 00| 0 eng d
020 ## - INTERNATIONAL STANDARD BOOK NUMBER
International Standard Book Number 979-8-88704-390-6
100 ## - MAIN ENTRY--PERSONAL NAME
Personal name BAKIBINGA, DAVID J.
245 ## - TITLE STATEMENT
Title COMPANY LAW IN EAST AFRICA
260 ## - PUBLICATION, DISTRIBUTION, ETC.
Name of publisher, distributor, etc. NOTION PRESS
Date of publication, distribution, etc. 2022
300 ## - PHYSICAL DESCRIPTION
Extent 555P.
500 ## - GENERAL NOTE
General note INCLUDES INDEX
650 ## - SUBJECT ADDED ENTRY
Topical term or geographic name entry element CORPORATION LAW - EAST AFRICA
942 ## - ADDED ENTRY ELEMENTS (KOHA)
Source of classification or shelving scheme Library of Congress Classification
Koha item type Long Loan Book
Holdings
Withdrawn status Lost status Source of classification or shelving scheme Damaged status Not for loan Collection Home library Current library Shelving location Date acquired Inventory number Total checkouts Full call number Barcode Date last seen Copy number Price effective from Koha item type
    Library of Congress Classification     Law Kisii University Library Kisii University Library On Display 01/09/2026 110876   KTZ 1150 .B35 2022 000000019062 01/09/2026 C.1 01/09/2026 Long Loan Book
    Library of Congress Classification     Law Kisii University Library Kisii University Library On Display 01/09/2026 110877   KTZ 1150 .B35 2022 000000019061 01/09/2026 C.2 01/09/2026 Long Loan Book
    Library of Congress Classification     Law Kisii University Library Kisii University Library On Display 01/09/2026 110878   KTZ 1150 .B35 2022 000000019000 01/09/2026 C.3 01/09/2026 Long Loan Book
    Library of Congress Classification     Law Kisii University Library Kisii University Library On Display 01/09/2026 110879   KTZ 1150 .B35 2022 000000018999 01/09/2026 C.4 01/09/2026 Long Loan Book